Statistics for Russian Empire or USSR?

Click here to take the quiz!

General Stats

  • This quiz has been taken 500 times
  • The average score is 11 of 15

Answer Stats

QuestionAnswer% Correct
Had control over AlaskaRussian Empire
95%
Renamed St. Petersburg to LeningradUSSR
94%
Lasted longerRussian Empire
91%
Was spelt in Russian as «Российская Империя»Russian Empire
87%
Held a war against GermanyBoth
85%
Had a larger Population when it dissolvedUSSR
82%
Existed after Mikhail Gorbachev's birth.USSR
81%
Had territory in AfricaRussian Empire
79%
Had yellow on it's flagBoth
78%
Had Orthodox Christianity as it's national religionRussian Empire
77%
Had a larger land area at its greatest extentRussian Empire
74%
Had a prime minister at any pointRussian Empire
56%
Had a large amount of people fond of Indian music and culture.USSR
38%
Had more governorates/oblasts, krais, and republicsRussian Empire
34%
Plant based products were it's largest exportBoth
25%

Score Distribution

Percentile by Number Answered

Percent of People with Each Score

Your Score History

You have not taken this quiz